Fundamenta Algorithms : (Record no. 9839)

MARC details
000 -LEADER
fixed length control field 00482nam a2200181 4500
005 - DATE AND TIME OF LATEST TRANSACTION
control field 20150609152958.0
008 - FIXED-LENGTH DATA ELEMENTS--GENERAL INFORMATION
fixed length control field 000
040 ## - CATALOGING SOURCE
Original cataloging agency UOEL
050 ## - LIBRARY OF CONGRESS CALL NUMBER
Classification number QA9.58
Item number .A7 1973 VOL 1
245 ## - TITLE STATEMENT
Title Fundamenta Algorithms :
Remainder of title The Art of Computer Programming
250 ## - EDITION STATEMENT
Edition statement 2nd ed.
260 ## - PUBLICATION, DISTRIBUTION, ETC. (IMPRINT)
Place of publication, distribution, etc Singapore ;
Name of publisher, distributor, etc Addison Wesley Publish Company ,
Date of publication, distribution, etc c1982.
300 ## - PHYSICAL DESCRIPTION
Extent xxi,630 p. :
Other physical details ill. ;
440 ## - SERIES STATEMENT/ADDED ENTRY--TITLE
Title wol student series /
500 ## - GENERAL NOTE
General note includes index
650 ## - SUBJECT ADDED ENTRY--TOPICAL TERM
Topical term or geographic name as entry element Mathematics
942 ## - ADDED ENTRY ELEMENTS (KOHA)
Source of classification or shelving scheme Library of Congress Classification
Item type Loan - Normal on open shelf
Holdings
Withdrawn status Lost status Source of classification or shelving scheme Damaged status Not for loan Home library Current library Shelving location Date acquired Total Checkouts Full call number Barcode Date last seen Copy number Price effective from Koha item type
    Library of Congress Classification     UOE Main Library UOE Main Library Open shelf 09/06/2015   QA9.58 .A7 1973 VOL 1 10046755 27/04/2026 10046755 09/06/2015 Loan - Normal on open shelf
    Library of Congress Classification     UOE Main Library UOE Main Library Open shelf 09/06/2015   QA9.58 .A7 1973 VOL 1 10046753 27/04/2026 10046753 09/06/2015 Loan - Normal on open shelf